[Event "4NCL Online Division 2"]
[Site "online"]
[Date "2020.05.12"]
[Round "6.54"]
[White "Burrows, Nick"]
[Black "Imanovs, Elhans"]
[Result "0-1"]
[WhiteElo "2072"]
[BlackElo "1827"]
[PlyCount "88"]
[EventDate "2020.05.12"]
[WhiteTeam "Schach Attack"]
[BlackTeam "ChessPlus Beta"]

1. d4 Nf6 2. Bf4 d6 3. Nc3 g6 4. e4 Bg7 5. Qd2 h6 6. h4 Nc6 7. O-O-O Nd7 8.
Nge2 e5 9. Be3 Nb6 10. b3 exd4 11. Nxd4 Qe7 12. Nxc6 bxc6 13. Bd4 O-O 14. Bxg7
Kxg7 15. f4 f5 16. Bd3 Qf6 17. Rdf1 fxe4 18. Bxe4 Nd5 19. Bxd5 cxd5 20. Kb1 c6
21. h5 Bg4 22. hxg6 Qxg6 23. f5 Bxf5 24. Rf4 Bxc2+ 25. Kb2 Rxf4 26. Qxf4 Be4
27. Rh4 Rf8 28. Qe3 Qf6 29. Qg3+ Kh7 30. Ka3 Rg8 31. Qe1 Rxg2 32. Nxe4 Qb2+ 33.
Kb4 a5+ 34. Kxa5 Qxa2+ 35. Kb6 Qxb3+ 36. Kc7 Rg7+ 37. Kxd6 Qb8+ 38. Kxc6 Qa8+
39. Kd6 Qd8+ 40. Kc5 Rc7+ 41. Kd4 dxe4+ 42. Ke3 Qd3+ 43. Kf4 Rf7+ 44. Kg4 Qf3#
0-1

[Event "4NCL Online Division 2"]
[Site "online"]
[Date "2020.05.12"]
[Round "6.61"]
[White "John, Joshua"]
[Black "Haynes, Josiah"]
[Result "0-1"]
[WhiteElo "2042"]
[BlackElo "2072"]
[PlyCount "48"]
[EventDate "2020.05.12"]
[WhiteTeam "CSC 2"]
[BlackTeam "Exeter Honey Badgers"]

1. d4 Nf6 2. c4 e6 3. Nc3 Bb4 4. Bg5 c5 5. e3 Qa5 6. Qc2 Ne4 7. Qxe4 Bxc3+ 8.
Kd1 Bxb2 9. Rb1 Bc3 10. Rb5 Qxa2 11. Qc2 Qxc2+ 12. Kxc2 cxd4 13. Kd3 Nc6 14.
Ne2 a6 15. Rb3 Be1 16. exd4 Bxf2 17. g3 f6 18. Bd2 e5 19. d5 Nd4 20. Nxd4 Bxd4
21. Ba5 b5 22. Bg2 d6 23. Bb4 Bf5+ 24. Be4 bxc4+ 0-1

[Event "4NCL Online Division 2"]
[Site "online"]
[Date "2020.05.12"]
[Round "6.62"]
[White "Thorpe, Thomas"]
[Black "Fink-Nunn, Petra"]
[Result "1/2-1/2"]
[WhiteElo "2027"]
[BlackElo "1966"]
[PlyCount "61"]
[EventDate "2020.05.12"]
[WhiteTeam "Exeter Honey Badgers"]
[BlackTeam "CSC 2"]

1. e4 e5 2. Nf3 Nc6 3. c3 Nf6 4. d4 exd4 5. e5 Ne4 6. cxd4 Bb4+ 7. Nbd2 d5 8.
a3 Nxd2 9. Bxd2 Bxd2+ 10. Qxd2 O-O 11. Be2 f6 12. O-O Bg4 13. Rfe1 Re8 14. h3
Bh5 15. Rac1 fxe5 16. Nxe5 Bxe2 17. Nxc6 bxc6 18. Rxe2 Qf6 19. Rce1 Rxe2 20.
Rxe2 Rf8 21. Qe3 Kf7 22. b4 h5 23. Qg3 Qxd4 24. Qxc7+ Kg8 25. Qe5 Qxe5 26. Rxe5
h4 27. Re7 Rf7 28. Re8+ Rf8 29. Re7 Rf7 30. Re8+ Rf8 31. Re7 1/2-1/2

[Event "4NCL Online Division 2"]
[Site "online"]
[Date "2020.05.12"]
[Round "6.63"]
[White "Lawson, Maurice E"]
[Black "O'Neill, Paul"]
[Result "1-0"]
[WhiteElo "1983"]
[BlackElo "2052"]
[PlyCount "105"]
[EventDate "2020.05.12"]
[WhiteTeam "CSC 2"]
[BlackTeam "Exeter Honey Badgers"]

1. e4 e5 2. Nf3 Nc6 3. Bb5 a6 4. Ba4 Nf6 5. d3 b5 6. Bb3 Bc5 7. c3 d6 8. h3 h6
9. Nbd2 O-O 10. Nf1 Bb6 11. Ne3 Na5 12. Bc2 c5 13. Qe2 Re8 14. O-O Nc6 15. Re1
Be6 16. Nf5 Qd7 17. N3h4 Kh7 18. Qf3 Bd8 19. g4 g5 20. Ng2 Rg8 21. Nge3 Ne7 22.
Nxh6 Kxh6 23. Qxf6+ Ng6 24. Qf3 Nf4 25. Nf5+ Bxf5 26. exf5 Ra7 27. Bxf4 exf4
28. Qd5 Bf6 29. Re4 Be5 30. Rae1 Kg7 31. d4 cxd4 32. cxd4 Bf6 33. Bb3 Rh8 34.
Kg2 Rc7 35. Re7 Qxe7 36. Rxe7 Rxe7 37. Qxd6 Re4 38. Qd5 Re7 39. Qc5 Rd8 40. d5
Re2 41. d6 Rd2 42. Qc7 Rf8 43. Qb7 Bd4 44. f6+ Kg8 45. d7 Rxf2+ 46. Kh1 Rf1+
47. Kg2 Rf2+ 48. Kg1 Rd8 49. Bxf7+ Kxf7 50. Qd5+ Kf8 51. Qxd4 Re2 52. Qd6+ Kf7
53. Qc7 1-0

[Event "4NCL Online Division 2"]
[Site "online"]
[Date "2020.05.12"]
[Round "6.64"]
[White "Paulden, Tim"]
[Black "Warren, Alex M"]
[Result "1/2-1/2"]
[WhiteElo "2057"]
[BlackElo "1960"]
[PlyCount "82"]
[EventDate "2020.05.12"]
[WhiteTeam "Exeter Honey Badgers"]
[BlackTeam "CSC 2"]

1. b3 e5 2. Bb2 Nc6 3. e3 g6 4. f4 Bg7 5. Bb5 Nge7 6. Nf3 d6 7. fxe5 O-O 8. O-O
dxe5 9. Qe1 a6 10. Bxc6 Nxc6 11. Qg3 f6 12. Nc3 Nb4 13. Rac1 b6 14. e4 Bb7 15.
a3 Nc6 16. Nd5 Ne7 17. c4 c5 18. d3 Nc8 19. h4 Bxd5 20. exd5 Nd6 21. Rce1 Ra7
22. h5 gxh5 23. Qh3 Qd7 24. Qxh5 Qf5 25. Qxf5 Nxf5 26. Nd2 Ng3 27. Rf3 Nh5 28.
g3 Bh6 29. Nf1 b5 30. Ne3 Bxe3+ 31. Rexe3 Rg7 32. Kf2 Kh8 33. Rxe5 Nxg3 34. Re1
Nh5 35. Rh1 Rg5 36. Bc1 Re5 37. Rfh3 Rf5+ 38. Rf3 Re5 39. Bb2 Rg5 40. Rfh3 Rf5+
41. Rf3 Rg5 1/2-1/2

[Event "4NCL Online Division 2"]
[Site "online"]
[Date "2020.05.12"]
[Round "6.71"]
[White "Tanmay Chopra"]
[Black "Brady, Stephen"]
[Result "1-0"]
[WhiteElo "2273"]
[BlackElo "2287"]
[PlyCount "157"]
[EventDate "2020.05.12"]
[WhiteTeam "Harrow 1"]
[BlackTeam "St Benildus A"]

1. d4 Nf6 2. c4 e6 3. Nc3 Bb4 4. Qc2 O-O 5. e4 d6 6. a3 Bxc3+ 7. bxc3 e5 8. Bd3
c5 9. Ne2 Nc6 10. d5 Ne7 11. f3 Ng6 12. h4 Ne8 13. g3 h6 14. Be3 Bd7 15. Kd2
Rc8 16. a4 Rc7 17. Raf1 Bc8 18. Rh2 a6 19. h5 Nh8 20. g4 f6 21. Qb3 Nf7 22. Qb6
Ng5 23. Rhf2 Qe7 24. Rb1 Kh8 25. Ng3 Bd7 26. a5 Nh3 27. Rh2 Ng5 28. Ke2 Bc8 29.
Bc2 Bd7 30. Bd2 Kg8 31. Nf1 Kh8 32. Ne3 Kg8 33. Ng2 Qd8 34. Nh4 Rf7 35. Ng6 Qc8
36. Rh4 Kh7 37. Ra1 Kg8 38. Kf2 Kh7 39. Kg3 Kg8 40. Rb1 Kh7 41. Rc1 Kg8 42. Rd1
Kh7 43. Re1 Kg8 44. Rf1 Kh7 45. Rfh1 Kg8 46. Bc1 Kh7 47. Rf1 Kg8 48. Rg1 Kh7
49. Rd1 Kg8 50. Be3 Kh7 51. Re1 Kg8 52. Bd2 Kh7 53. Bb1 Kg8 54. Bc2 Nh7 55. f4
Nf8 56. Rf1 Qd8 57. Rh2 Qc8 58. Rh4 Qd8 59. Rf2 Rc8 60. Qxd8 Rxd8 61. Rh1 Nc7
62. fxe5 dxe5 63. Be3 Be8 64. Nxf8 Rxf8 65. Bxc5 Rf7 66. Bb6 Rc8 67. Bb3 Na8
68. Be3 Rfc7 69. Rb1 Kf8 70. Kf3 Ke7 71. Rfb2 Kd6 72. Ba2 Rxc4 73. Bxc4 Rxc4
74. Rxb7 Bb5 75. Rb3 Ra4 76. Rxg7 Nc7 77. Rb4 Ra3 78. c4 Bd7 79. c5# 1-0

[Event "4NCL Online Division 2"]
[Site "online"]
[Date "2020.05.12"]
[Round "6.72"]
[White "Ryan, Joseph"]
[Black "Nettleton, Charlie B"]
[Result "1-0"]
[WhiteElo "2271"]
[BlackElo "2125"]
[PlyCount "143"]
[EventDate "2020.05.12"]
[WhiteTeam "St Benildus A"]
[BlackTeam "Harrow 1"]

1. e4 c5 2. Nf3 Nc6 3. d4 cxd4 4. Nxd4 Nf6 5. Nc3 e5 6. Ndb5 d6 7. Bg5 a6 8.
Na3 b5 9. Bxf6 gxf6 10. g3 b4 11. Nd5 bxa3 12. b4 Rb8 13. c3 Bg7 14. Qa4 Bd7
15. Qxa3 O-O 16. Qxa6 f5 17. Bg2 fxe4 18. O-O f5 19. a4 Kh8 20. Rfd1 Qc8 21.
Qxc8 Rfxc8 22. a5 Be6 23. a6 Bxd5 24. Rxd5 Rd8 25. g4 Ne7 26. Rdd1 f4 27. Bxe4
d5 28. a7 Ra8 29. b5 Rd6 30. b6 Rxb6 31. Rxd5 Nxd5 32. Bxd5 Rbb8 33. axb8=Q+
Rxb8 34. Kg2 Rc8 35. c4 e4 36. Re1 f3+ 37. Kg3 Be5+ 38. Kh3 Bd4 39. Kg3 Be5+
40. Kh3 Bd4 41. Rxe4 Bxf2 42. Rf4 Kg7 43. Rxf3 Rf8 44. Rb3 h6 45. Kg2 Rf4 46.
h3 Bh4 47. Rf3 Rxf3 48. Kxf3 Be7 49. Ke4 Kg6 50. Ke5 Bc5 51. Be6 Be3 52. Kd5
Kf6 53. Bf5 h5 54. c5 hxg4 55. hxg4 Ke7 56. c6 Kd8 57. Ke6 Bg5 58. Be4 Bh4 59.
Kf5 Be1 60. g5 Ke7 61. g6 Bc3 62. Kf4 Bd4 63. Kf3 Ke6 64. Ke2 Kd6 65. Kd3 Ba1
66. Kc4 Bh8 67. Kb5 Bd4 68. Bf3 Kc7 69. Kc4 Ba1 70. Kd5 Bb2 71. Ke6 Ba1 72. Kf7
1-0

[Event "4NCL Online Division 2"]
[Site "online"]
[Date "2020.05.12"]
[Round "6.73"]
[White "Coles, Steven F"]
[Black "Venkatesan, Kavin"]
[Result "0-1"]
[WhiteElo "2080"]
[BlackElo "1971"]
[PlyCount "104"]
[EventDate "2020.05.12"]
[WhiteTeam "Harrow 1"]
[BlackTeam "St Benildus A"]

1. d4 Nf6 2. Bg5 Ne4 3. Bf4 e6 4. f3 Nf6 5. e4 d5 6. e5 Nh5 7. Be3 g6 8. Bd3 c5
9. c3 Nc6 10. Ne2 Qb6 11. Qb3 Qc7 12. Qd1 Be7 13. Nd2 O-O 14. O-O Ng7 15. f4 c4
16. Bc2 a5 17. Nf3 b5 18. g4 b4 19. Ng3 f5 20. exf6 Bxf6 21. Ne5 Rb8 22. Qd2
Ba6 23. Rf2 Rbd8 24. Kh1 Bb5 25. Rg1 Bxe5 26. fxe5 Rxf2 27. Qxf2 Rf8 28. Qd2
Qf7 29. Rf1 Qe7 30. Bg5 Rxf1+ 31. Nxf1 Qf7 32. Kg2 b3 33. axb3 cxb3 34. Bd3
Bxd3 35. Qxd3 Qb7 36. Nd2 a4 37. h4 a3 38. bxa3 b2 39. Kf2 Na5 40. Ke2 Nb3 41.
Nxb3 Qxb3 42. Qb1 Qxc3 43. Be3 Qxa3 44. Kd2 Qb3 45. Bg5 h5 46. gxh5 gxh5 47.
Bf6 Nf5 48. Qg1+ Kf7 49. Qb1 Qb4+ 50. Kd3 Nxd4 51. Ke3 Qc3+ 52. Kf2 Qc2+ 0-1

[Event "4NCL Online Division 2"]
[Site "online"]
[Date "2020.05.12"]
[Round "6.74"]
[White "McHugh, Kevin"]
[Black "Chan, Nevil"]
[Result "1/2-1/2"]
[WhiteElo "2013"]
[BlackElo "2042"]
[PlyCount "82"]
[EventDate "2020.05.12"]
[WhiteTeam "St Benildus A"]
[BlackTeam "Harrow 1"]

1. e4 Nc6 2. Nf3 d6 3. d4 Nf6 4. Nc3 Bg4 5. Be3 e6 6. Be2 Be7 7. O-O d5 8. exd5
exd5 9. Ne5 Bxe2 10. Qxe2 O-O 11. Nxc6 bxc6 12. Rfe1 Re8 13. Qd3 h6 14. Re2 Bd6
15. f3 Qd7 16. Rae1 Rab8 17. b3 Re6 18. Bd2 Rbe8 19. Rxe6 Rxe6 20. Rxe6 Qxe6
21. Ne2 Nh5 22. Qe3 Qxe3+ 23. Bxe3 f5 24. g3 Kf7 25. c4 Ke6 26. Kf2 g5 27. Bd2
Be7 28. h4 gxh4 29. Bxh6 hxg3+ 30. Kg2 c5 31. dxc5 dxc4 32. bxc4 Bxc5 33. Nxg3
Nxg3 34. Kxg3 c6 35. Bg7 Be3 36. Kg2 Bg5 37. Bc3 Kd6 38. Bb4+ Ke5 39. Bc3+ Kd6
40. Bb4+ Ke5 41. Bc3+ Kd6 1/2-1/2

[Event "4NCL Online Division 2"]
[Site "online"]
[Date "2020.05.12"]
[Round "6.82"]
[White "Whyte, Brian G"]
[Black "Jugand, Jean-Baptiste"]
[Result "1/2-1/2"]
[WhiteElo "2048"]
[BlackElo "2065"]
[PlyCount "65"]
[EventDate "2020.05.12"]
[WhiteTeam "Higgie's Heroes"]
[BlackTeam "Kent KJCA Kestrels B"]

1. c4 c5 2. g3 Nc6 3. Bg2 Nf6 4. Nc3 e6 5. Nf3 a6 6. O-O Be7 7. d4 cxd4 8. Nxd4
O-O 9. b3 Qa5 10. Bb2 d5 11. cxd5 exd5 12. a3 Rd8 13. b4 Qb6 14. Na4 Qc7 15.
Rc1 Be6 16. Nc5 Bxc5 17. Rxc5 Ne4 18. Nxc6 bxc6 19. Qd4 Nf6 20. Rfc1 Rac8 21.
Qh4 Ne8 22. Rxc6 Qd7 23. Rxc8 Rxc8 24. Rxc8 Qxc8 25. Qe7 h6 26. Qc5 Qd7 27. h4
Qa4 28. Qd4 Qc2 29. Bf3 Nf6 30. Kg2 Qc8 31. Qc5 Qxc5 32. bxc5 Ne4 33. Bd4
1/2-1/2

[Event "4NCL Online Division 2"]
[Site "online"]
[Date "2020.05.12"]
[Round "6.83"]
[White "Ball, Laurence"]
[Black "Higgie, Charles L"]
[Result "1/2-1/2"]
[WhiteElo "2090"]
[BlackElo "1922"]
[PlyCount "60"]
[EventDate "2020.05.12"]
[WhiteTeam "Kent KJCA Kestrels B"]
[BlackTeam "Higgie's Heroes"]

1. e4 c5 2. Nf3 d6 3. d4 cxd4 4. Qxd4 Nc6 5. Bb5 Bd7 6. Bxc6 Bxc6 7. Nc3 Nf6 8.
Bg5 e6 9. O-O-O Be7 10. Rhe1 O-O 11. e5 dxe5 12. Qh4 Qc7 13. Nxe5 Rfd8 14. Ng4
Rxd1+ 15. Rxd1 Nxg4 16. Bxe7 Qf4+ 17. Rd2 Qf5 18. f3 Ne3 19. Ba3 h6 20. Qd4 Nd5
21. Ne4 Qf4 22. Bd6 Qh4 23. Bg3 Qe7 24. a3 b5 25. Bd6 Qd7 26. Bg3 a5 27. Nc5
Qe7 28. c3 a4 29. Ne4 Rd8 30. Qc5 Qxc5 1/2-1/2

[Event "4NCL Online Division 2"]
[Site "online"]
[Date "2020.05.12"]
[Round "6.84"]
[White "McMahon, Timothy P"]
[Black "Keenan, Brendan"]
[Result "1-0"]
[WhiteElo "1937"]
[BlackElo "1930"]
[PlyCount "145"]
[EventDate "2020.05.12"]
[WhiteTeam "Higgie's Heroes"]
[BlackTeam "Kent KJCA Kestrels B"]

1. e4 c6 2. d4 d5 3. e5 c5 4. dxc5 Nc6 5. Bb5 e6 6. Be3 Bd7 7. Bxc6 Bxc6 8. c3
Ne7 9. Nf3 Qc7 10. b4 Ng6 11. Bd4 a5 12. O-O axb4 13. cxb4 Ba4 14. Qd2 Be7 15.
Nc3 O-O 16. Rfe1 Nh4 17. Nxh4 Bxh4 18. Nxa4 Rxa4 19. a3 Qc6 20. Qe2 Be7 21. Qg4
Qa6 22. Qe2 Qc6 23. Qd3 Rfa8 24. f4 g6 25. Rec1 Rc8 26. Qb3 Qb5 27. Rc2 Rca8
28. Bb2 Rc8 29. Rac1 Rc6 30. Qe3 Ra8 31. Qe2 Qa4 32. Qd3 Rac8 33. Rc3 Kg7 34.
h3 h5 35. Qg3 Qb5 36. Qd3 Qa4 37. Qd4 Qb5 38. Kf2 Qa6 39. Rg3 Bh4 40. f5 Bxg3+
41. Kxg3 h4+ 42. Qxh4 Qd3+ 43. Kh2 Qxf5 44. Qe7 Qf4+ 45. Kg1 d4 46. Rf1 Qe3+
47. Kh1 Rf8 48. Qxb7 Qe2 49. Qxc6 Qxf1+ 50. Kh2 Qf4+ 51. Kh1 Qf1+ 52. Kh2 Qf4+
53. Kh1 Qxe5 54. Qd6 Qxd6 55. cxd6 e5 56. a4 Rd8 57. b5 Rxd6 58. Ba3 Rb6 59.
Bc5 Rb8 60. a5 d3 61. Be3 Rxb5 62. a6 f5 63. Kg1 f4 64. Bd2 e4 65. a7 Rb1+ 66.
Kh2 Ra1 67. Bc3+ Kf7 68. Bxa1 d2 69. a8=Q d1=Q 70. Qb7+ Ke6 71. Qxe4+ Kd7 72.
Qd4+ Qxd4 73. Bxd4 1-0

[Event "4NCL Online Division 2"]
[Site "online"]
[Date "2020.05.12"]
[Round "6.91"]
[White "Foord, Dominic"]
[Black "Frostick, Clive A"]
[Result "1-0"]
[WhiteElo "2267"]
[BlackElo "2108"]
[PlyCount "57"]
[EventDate "2020.05.12"]
[WhiteTeam "Liverpool"]
[BlackTeam "CSC 1"]

1. d4 d5 2. c4 e6 3. Nf3 a6 4. Bg5 Be7 5. Bxe7 Qxe7 6. e3 Nf6 7. Nbd2 Nbd7 8.
Rc1 c6 9. Bd3 e5 10. dxe5 Nxe5 11. Nxe5 Qxe5 12. Qc2 Qg5 13. g3 Bh3 14. cxd5
Qxd5 15. e4 Qd7 16. Nc4 Rd8 17. Rd1 Bg2 18. Rg1 Bxe4 19. Bxe4 Qxd1+ 20. Qxd1
Rxd1+ 21. Kxd1 Nxe4 22. Re1 f5 23. f3 Kf7 24. fxe4 Rd8+ 25. Kc2 b5 26. Ne5+ Kf6
27. exf5 Kxf5 28. Nd3 Kf6 29. b4 1-0

[Event "4NCL Online Division 2"]
[Site "online"]
[Date "2020.05.12"]
[Round "6.92"]
[White "Saidmurodov, Shahjahon"]
[Black "Rodrigo Yanguas, Maria"]
[Result "0-1"]
[WhiteElo "2132"]
[BlackElo "2230"]
[PlyCount "52"]
[EventDate "2020.05.12"]
[WhiteTeam "CSC 1"]
[BlackTeam "Liverpool"]

1. e4 c5 2. Nf3 d6 3. d4 cxd4 4. Nxd4 Nf6 5. Nc3 Nc6 6. f3 e5 7. Nb3 Be7 8. Be3
O-O 9. Qd2 a5 10. a4 Nb4 11. Nd5 Nbxd5 12. exd5 b6 13. Be2 Bb7 14. c4 Rc8 15.
O-O Ba6 16. Rac1 Qd7 17. Bxb6 Rb8 18. Qe3 Qb7 19. c5 Nxd5 20. Bxa6 Qxa6 21. Qf2
Nxb6 22. cxb6 Rxb6 23. Rc7 Bd8 24. Rc3 Rb4 25. Qc2 Bb6+ 26. Kh1 Qxf1# 0-1

[Event "4NCL Online Division 2"]
[Site "online"]
[Date "2020.05.12"]
[Round "6.93"]
[White "Ali, Rashid Mohammed Amin"]
[Black "Garwood, Colin"]
[Result "1-0"]
[WhiteElo "2117"]
[BlackElo "2140"]
[PlyCount "81"]
[EventDate "2020.05.12"]
[WhiteTeam "Liverpool"]
[BlackTeam "CSC 1"]

1. d4 Nf6 2. c4 e6 3. Nc3 Bb4 4. Qc2 O-O 5. a3 Bxc3+ 6. bxc3 d6 7. Bg5 h6 8. h4
Nbd7 9. g4 e5 10. Bxf6 Qxf6 11. g5 Qg6 12. Qxg6 fxg6 13. Bg2 c6 14. Nf3 e4 15.
Nd2 d5 16. cxd5 cxd5 17. c4 Nb6 18. cxd5 Bf5 19. Nxe4 Nxd5 20. Nd6 Nf4 21. Bf1
Be6 22. e3 Rad8 23. Nxb7 Bd5 24. Nxd8 Bxh1 25. Bc4+ Kh7 26. Ne6 Nxe6 27. Bxe6
Bf3 28. Kd2 Rb8 29. Kd3 Rb2 30. d5 Rxf2 31. e4 Rh2 32. Ke3 Bxe4 33. Kxe4 Rxh4+
34. Ke5 hxg5 35. d6 Rh1 36. Bd5 Rxa1 37. d7 Re1+ 38. Kd6 Re3 39. d8=Q Rxa3 40.
Qg8+ Kh6 41. Qh8# 1-0

[Event "4NCL Online Division 2"]
[Site "online"]
[Date "2020.05.12"]
[Round "6.94"]
[White "Hasson, Peter"]
[Black "Hardman, Michael J"]
[Result "1-0"]
[WhiteElo "2095"]
[BlackElo "2042"]
[PlyCount "161"]
[EventDate "2020.05.12"]
[WhiteTeam "CSC 1"]
[BlackTeam "Liverpool"]

1. c4 Nf6 2. g3 c5 3. Bg2 e6 4. Nf3 Be7 5. O-O O-O 6. b3 Nc6 7. Bb2 d5 8. cxd5
exd5 9. d4 Be6 10. Nc3 Rc8 11. Rc1 b6 12. dxc5 Bxc5 13. Nb5 Qe7 14. Nbd4 Nxd4
15. Nxd4 Rfd8 16. Qd3 Bxd4 17. Qxd4 Rxc1 18. Rxc1 Bf5 19. e3 Be6 20. Rd1 Rc8
21. Qe5 Qc7 22. Qxc7 Rxc7 23. Bxf6 gxf6 24. Bxd5 Bxd5 25. Rxd5 Rc2 26. a4 Rb2
27. Rd3 Kg7 28. g4 Kg6 29. Kg2 Kg7 30. Kg3 Kg6 31. f3 Rb1 32. Kf4 Rb2 33. h4
Rb1 34. h5+ Kg7 35. e4 Rc1 36. Rd5 Rc3 37. Rb5 Kh6 38. b4 Rb3 39. a5 bxa5 40.
Rxa5 Rxb4 41. Rxa7 Kg7 42. Ra3 Rb5 43. Rc3 Ra5 44. Rc8 h6 45. Rd8 Rb5 46. Rd5
Rb3 47. Ra5 Rc3 48. Rd5 Ra3 49. Kg3 Rb3 50. Kf2 Ra3 51. Ke2 Rb3 52. Rd3 Rb5 53.
Ke3 Ra5 54. Kf4 Rb5 55. Rd5 Rb3 56. Rf5 Ra3 57. e5 Ra4+ 58. Kg3 fxe5 59. Rxe5
Rb4 60. Re4 Rb3 61. Kf4 Ra3 62. Re3 Ra4+ 63. Kf5 Ra5+ 64. Re5 Ra6 65. f4 Rf6+
66. Ke4 Ra6 67. Rb5 Re6+ 68. Re5 Ra6 69. g5 hxg5 70. fxg5 Ra1 71. Rd5 Re1+ 72.
Kf5 Rf1+ 73. Ke5 Re1+ 74. Kd6 Rh1 75. h6+ Kg6 76. Ke7 Re1+ 77. Kf8 Re6 78. Rd8
Kxg5 79. h7 Rh6 80. Kg7 Rg6+ 81. Kxf7 1-0

[Event "4NCL Online Division 2"]
[Site "online"]
[Date "2020.05.12"]
[Round "6.101"]
[White "Jarmany, David"]
[Black "Lock, Gavin R"]
[Result "1/2-1/2"]
[WhiteElo "2267"]
[BlackElo "2107"]
[PlyCount "59"]
[EventDate "2020.05.12"]
[WhiteTeam "Maryport Assassins A"]
[BlackTeam "Wessex Some Stars A"]

1. e4 e6 2. d4 d5 3. Nc3 Nf6 4. Bg5 Be7 5. e5 Nfd7 6. Bxe7 Qxe7 7. Qg4 O-O 8.
Bd3 c5 9. Nf3 h6 10. O-O Nc6 11. Rfe1 a6 12. dxc5 Nxc5 13. Rad1 Bd7 14. a3 f6
15. exf6 Qxf6 16. Qg3 b5 17. b4 Nxd3 18. Rxd3 Qf4 19. Qxf4 Rxf4 20. Ne2 Rf6 21.
Ned4 Nxd4 22. Nxd4 Rc8 23. c3 Kf7 24. Nb3 Rc4 25. Nc5 Bc8 26. Rde3 Ke7 27. Rd1
Kf7 28. h3 g5 29. f3 h5 30. Kf2 1/2-1/2

[Event "4NCL Online Division 2"]
[Site "online"]
[Date "2020.05.12"]
[Round "6.102"]
[White "Lukosius, Rolandas"]
[Black "Jarmany, John"]
[Result "0-1"]
[WhiteElo "2094"]
[BlackElo "2207"]
[PlyCount "58"]
[EventDate "2020.05.12"]
[WhiteTeam "Wessex Some Stars A"]
[BlackTeam "Maryport Assassins A"]

1. d4 Nf6 2. c4 g6 3. Nc3 d5 4. cxd5 Nxd5 5. Bd2 Bg7 6. e4 Nxc3 7. Bxc3 O-O 8.
Nf3 Bg4 9. Be2 Nc6 10. d5 Bxf3 11. gxf3 Bxc3+ 12. bxc3 Ne5 13. f4 Nd7 14. Qd4
Nf6 15. c4 c6 16. e5 Qa5+ 17. Kf1 Ne8 18. h4 Rd8 19. Bf3 cxd5 20. cxd5 Ng7 21.
h5 Rc8 22. Bg4 Qb5+ 23. Kg2 Rc4 24. Qd2 Qa4 25. Kg3 Rd4 26. Qe3 Rxd5 27. h6
Rfd8 28. f3 Ne6 29. Qb3 Qxf4+ 0-1

[Event "4NCL Online Division 2"]
[Site "online"]
[Date "2020.05.12"]
[Round "6.103"]
[White "Davis, Holden"]
[Black "Wilson, Jaimie"]
[Result "0-1"]
[WhiteElo "1982"]
[BlackElo "2097"]
[PlyCount "134"]
[EventDate "2020.05.12"]
[WhiteTeam "Maryport Assassins A"]
[BlackTeam "Wessex Some Stars A"]

1. e4 c5 2. d4 cxd4 3. c3 dxc3 4. Nxc3 Nc6 5. Nf3 g6 6. Bc4 Bg7 7. e5 Nh6 8.
O-O O-O 9. Bf4 d6 10. exd6 Nf5 11. dxe7 Nfxe7 12. Qxd8 Rxd8 13. Ng5 Rd4 14.
Bxf7+ Kf8 15. Be6 Rxf4 16. Bxc8 Rb4 17. Be6 Rxb2 18. Nxh7+ Ke8 19. Ne4 Nf5 20.
Bxf5 gxf5 21. Nd6+ Kd7 22. Nxf5 Bh8 23. Ng5 Re8 24. Ne3 Kc7 25. Nf3 Kb8 26. a4
Nd4 27. Nxd4 Bxd4 28. Ra3 Re2 29. h4 Re4 30. g3 a5 31. Nf5 Bc5 32. Rc3 b6 33.
h5 Rg4 34. h6 Rg5 35. Rf3 Re6 36. Kg2 Rf6 37. Ng7 Rxh6 38. Nf5 Rf6 39. Nh4 Rd6
40. Rf5 Rg8 41. Rb1 Ka7 42. Rf7+ Ka6 43. Nf5 Rd2 44. Ne7 Bxe7 45. Rxe7 Rf8 46.
Rf1 Ra2 47. g4 Rxa4 48. Kg3 Ra3+ 49. f3 a4 50. g5 Rc3 51. Re4 b5 52. g6 Rc6 53.
Rg4 Rg8 54. g7 Rc7 55. f4 Rcxg7 56. Rxg7 Rxg7+ 57. Kf3 b4 58. Ke3 Kb5 59. f5
Kc4 60. Rc1+ Kb3 61. Rb1+ Kc3 62. Rc1+ Kb2 63. Rc4 Kb3 64. Rf4 a3 65. f6 Rf7
66. Kd2 a2 67. Rf3+ Kb2 0-1

[Event "4NCL Online Division 2"]
[Site "online"]
[Date "2020.05.12"]
[Round "6.104"]
[White "Pye, David E"]
[Black "Hart, Roger"]
[Result "1-0"]
[WhiteElo "2055"]
[BlackElo "1915"]
[PlyCount "83"]
[EventDate "2020.05.12"]
[WhiteTeam "Wessex Some Stars A"]
[BlackTeam "Maryport Assassins A"]

1. e4 g6 2. d4 Bg7 3. Nc3 d6 4. Bg5 h6 5. Bh4 g5 6. Bg3 e6 7. h4 a6 8. hxg5
hxg5 9. Rxh8 Bxh8 10. f3 Nd7 11. Qd2 Bg7 12. Bf2 b5 13. Nh3 Bh6 14. g4 Bb7 15.
Be3 f6 16. O-O-O Qe7 17. Kb1 b4 18. Ne2 a5 19. Bg2 Nb6 20. b3 Bf8 21. f4 Nh6
22. Bf3 f5 23. fxg5 Nxg4 24. Bxg4 fxg4 25. Nf2 c5 26. Nxg4 a4 27. Nf6+ Kf7 28.
Rf1 Kg7 29. Rh1 Bxe4 30. Nxe4 axb3 31. cxb3 Nd5 32. dxc5 Qa7 33. Nf6 Nxf6 34.
gxf6+ Kxf6 35. cxd6 Qb7 36. Rf1+ Kg7 37. Bd4+ Kh7 38. Qd3+ Kh6 39. Qh3+ Kg6 40.
Rf6+ Kg5 41. Qg3+ Kh5 42. Nf4# 1-0

[Event "4NCL Online Division 2"]
[Site "online"]
[Date "2020.05.12"]
[Round "6.111"]
[White "Gardner, James"]
[Black "Twine, David"]
[Result "1-0"]
[WhiteElo "2132"]
[BlackElo "2072"]
[PlyCount "73"]
[EventDate "2020.05.12"]
[WhiteTeam "MK Phoenix 1"]
[BlackTeam "Plymouth"]

1. d4 Nf6 2. c4 d6 3. Nc3 g6 4. e4 Bg7 5. Nf3 O-O 6. Be2 e5 7. O-O Na6 8. Be3
Ng4 9. Bg5 Qe8 10. c5 h6 11. Bh4 exd4 12. Nd5 Be6 13. Bxa6 Bxd5 14. exd5 bxa6
15. cxd6 cxd6 16. Nxd4 Qe5 17. Qxg4 Qxd4 18. Qxd4 Bxd4 19. Rad1 Bc5 20. Bf6
Rab8 21. Rfe1 Rfe8 22. Kf1 Kh7 23. h4 a5 24. a3 a4 25. Rc1 g5 26. h5 Kg8 27.
Rc4 Rxe1+ 28. Kxe1 Re8+ 29. Kf1 Bb6 30. Rc6 Bc5 31. Rxc5 dxc5 32. d6 Re6 33. d7
Rd6 34. d8=Q+ Rxd8 35. Bxd8 Kf8 36. Bf6 Ke8 37. Ke2 1-0

[Event "4NCL Online Division 2"]
[Site "online"]
[Date "2020.05.12"]
[Round "6.112"]
[White "Pollock, Richard M"]
[Black "Brown, Alan M"]
[Result "0-1"]
[WhiteElo "2072"]
[BlackElo "2008"]
[PlyCount "94"]
[EventDate "2020.05.12"]
[WhiteTeam "Plymouth"]
[BlackTeam "MK Phoenix 1"]

1. e4 e6 2. d3 d5 3. Nd2 e5 4. Ngf3 Nc6 5. c3 Nf6 6. Be2 Be7 7. O-O O-O 8. Re1
Re8 9. b4 a6 10. Bf1 d4 11. cxd4 Nxd4 12. a3 c5 13. bxc5 Bxc5 14. Nc4 Ng4 15.
Ne3 Nxe3 16. Bxe3 Bg4 17. Bxd4 Bxd4 18. Rb1 Rb8 19. Be2 Be6 20. Qa4 Bd7 21. Qb3
Bc6 22. Rec1 Rc8 23. Nxd4 Qxd4 24. Rc4 Qd7 25. Qb6 Bb5 26. Rcb4 Rc6 27. Qe3 Rc7
28. f4 Qe7 29. fxe5 Qxe5 30. Bf3 Rc3 31. Be2 Rxa3 32. Qb6 Ra1 33. Qxb7 Rxb1+
34. Rxb1 Qd4+ 35. Kf1 h6 36. Rd1 Re6 37. Qc8+ Kh7 38. Ke1 Rf6 39. Kd2 Rc6 40.
Qf5+ Kg8 41. Ke1 Qb4+ 42. Rd2 Rc2 43. Qf4 Qc3 44. Qe3 Kh7 45. Bd1 Rxd2 46. Qxd2
Qxd3 47. Kf2 Qxd2+ 0-1

[Event "4NCL Online Division 2"]
[Site "online"]
[Date "2020.05.12"]
[Round "6.113"]
[White "Cox, Toby"]
[Black "Brooks, Paul"]
[Result "1-0"]
[WhiteElo "2020"]
[BlackElo "1907"]
[PlyCount "141"]
[EventDate "2020.05.12"]
[WhiteTeam "MK Phoenix 1"]
[BlackTeam "Plymouth"]

1. e4 e6 2. d4 d5 3. Nc3 Nf6 4. e5 Nfd7 5. f4 c5 6. Nf3 Nc6 7. Be3 Be7 8. dxc5
Nxc5 9. Qd2 O-O 10. Be2 b6 11. O-O-O f5 12. exf6 Bxf6 13. g4 Bb7 14. Rhg1 Rc8
15. g5 Bxc3 16. Qxc3 Ne4 17. Qe1 Qc7 18. Kb1 a5 19. g6 h6 20. Rc1 Ne7 21. Ne5
Nf5 22. Bg4 b5 23. Rf1 b4 24. Nf7 Ba6 25. Rf3 Rb8 26. Bxf5 exf5 27. Bd4 Qc4 28.
Be5 Rb6 29. b3 Qe2 30. Qh4 Rxg6 31. Nxh6+ Rxh6 32. Qe7 Rg6 33. Rh3 Qg4 34. Rh4
Qg2 35. Rh8+ Kxh8 36. Qxf8+ Kh7 37. h4 Nf6 38. Qa8 Ne4 39. h5 Rh6 40. Kb2 Qg3
41. Qxd5 Rxh5 42. Qxa5 Rh6 43. Qxb4 Qg2 44. Qf8 Qg4 45. a4 Rh2 46. Qa8 Bd3 47.
Qd8 Be2 48. a5 Qg2 49. Qc8 Bd3 50. Qxf5+ Kh6 51. Qe6+ Kh7 52. Qf5+ Kh6 53. Qc8
Qd2 54. Qh8+ Kg6 55. Qxg7+ Kf5 56. Qd7+ Kg6 57. Qg4+ Kf7 58. Qd7+ Kg6 59. Qg4+
Kf7 60. Qg7+ Ke6 61. Qc7 Rg2 62. a6 Bxa6 63. Qc6+ Kf5 64. Qxa6 Nc5 65. Qc8+ Ne6
66. Qc3 Qf2 67. Qd3+ Kg4 68. Rf1 Qb6 69. Qg6+ Kh3 70. Rh1+ Rh2 71. Qh5+ 1-0